| 000 | 00856cam a2200217u 4500 | ||
|---|---|---|---|
| 999 |
_c329514 _d329514 |
||
| 001 | 7038387 | ||
| 003 | NUST | ||
| 005 | 20170511130111.0 | ||
| 008 | 830630s1962 ii a 000 0 eng | ||
| 010 | _asa 63000024 | ||
| 040 |
_aDLC _cCarP _dDLC |
||
| 050 | 0 | 0 |
_aQD456 _b.T8 1962 |
| 082 | _a540 TUL | ||
| 100 | 1 |
_aTuli, Gopal Das, _9454 |
|
| 245 | 1 | 0 |
_aB. Sc. physical chemistry pass book; _ba complete and up-to-date guide in physical chemistry for B. Sc. students of Indian universities, |
| 250 | _a13th ed. | ||
| 260 |
_aDelhi, _bPremier Pub. Co., _c1991-92. |
||
| 300 |
_a400p. _billus. _c21 cm. |
||
| 500 | _aP.B | ||
| 650 | 0 |
_aChemistry, Physical and theoretical _vProblems, exercises, etc. _9455 |
|
| 700 | 1 |
_aSoni, Patanjal Lal, [from old catalog] _ejoint author. _9456 |
|
| 906 |
_a0 _bcbc _cpremunv _du _encip _f19 _gy-gencatlg |
||
| 942 |
_2ddc _cBK _k540 TUL |
||